Responses for Show #4099 - Thursday, May 30, 2002

Jill Bunzendahl Chimka game 3.

Contestants

[<< previous game]

Thomas Chambless, an operations support manager from Atlanta, Georgia

Robyn Aronson, a lawyer from New York, New York

Jill Bunzendahl Chimka, a speech and language pathologist from Washington, D.C. (whose 2-day cash winnings total $41,699)

[next game >>]

Jeopardy! Round responses

SCIENTISTS
FASHION
SORRY, YOU'VE BEEN CENSORED
WORLD FLAGS
TITLE FILM FOLK
RHYME TIME
    $200 26
Darwin

Thomas
    $200 4
Katie Couric

Thomas
    $200 21
Catcher in the Rye

Robyn
    $200 8
Germany

Jill
    $200 10
Ali

Robyn
    $200 1
mutt putt

Jill
    $400 27
Marie Curie

Robyn
    $400 5
(Thomas: What is tree bark?)

pith helmet

Thomas
Triple Stumper
    $400 22
NYPD Blue

Jill
    $400 9
Argentina

Triple Stumper
    $400 11
The Royal Tenenbaums

Jill
    $400 2
weird beard

Jill
    $600 28
Olivia Newton-John

Jill
    $600 18
Jimmy Buffett

Jill
    $600 23
Michelangelo

Thomas
    $1,000 15
Haiti

Jill
    $600 12
The King and I

Jill
    $600 3
risky whiskey

Robyn
    $800 29
(Robyn: Uhh, shoot, George Washington Carver?)
(Alex: Peanuts for Carver.)

Luther Burbank

Robyn
Triple Stumper
    $800 19
W

Jill
    $800 24
Clockwork Orange

Robyn
    $800 16
(Roby: What is Thailand?)

Cambodia

RobynThomas
    $800 13
Harold and Maude

Robyn
    $800 6
good wood

Thomas
    $1000 30
(Thomas: Who is Da Vinci?)
(Jill: Who is Gray?)

Andreas Vesalius

JillThomas
Triple Stumper
    $1000 20
Shoshanna Lonstein

Jill
    $1000 25
Wagner

Thomas
    $1000 17
yin-yang

Robyn
    $1000 14
Patch Adams

Jill
    $1000 7
Dutch clutch

Jill

Scores at the first commercial break (after clue 15):

Jill Robyn Thomas
$4,800 $1,600 $600

Scores at the end of the Jeopardy! Round:

Jill Robyn Thomas
$7,200 $2,400 $2,200

Double Jeopardy! Round responses

RELIGIOUS WORKS
REUBEN AWARD CARTOONISTS
INDIAN RESERVATIONS
NOT SO LONG AGO...
ACID REIGN
IT'S FALLING "DOWN"
    $400 18
jazz

Robyn
    $400 16
Mad Magazine

Robyn
    $400 12
Florida

Thomas
    $400 6
hurricane Andrew

Thomas
    $400 11
litmus (paper)

Jill
    $400 1
download

Jill
    $800 19
(Robyn's pluralized response was negged and later credited as correct.)

Nobody Knows the Trouble(s) I've Seen

Robyn
    $800 17
Chester Gould

Triple Stumper
    $800 13
Montana

Jill
    $800 7
Mars

Thomas
    $800 15
(Thomas: What is citric acid?)
(Robyn: What is amino acid?)

ascorbic acid

RobynThomas
Triple Stumper
    $800 2
Lay Down Sally

Thomas
    $1200 20
Zeus

Thomas
    $1200 23
Herblock

Robyn
    $1200 14
Sitting Bull

Robyn
    $1200 8
Tonya Harding

Jill
    $1200 24
nitroglycerin

Thomas
    $1200 3
downsizing

Thomas
    $3,000 21
Tragedy

Thomas
    $1600 29
[The end-of-round signal sounds.]

Momma

Triple Stumper
    $1600 27
Apache

Jill
    $1600 9
Forbes

Jill
    $2,000 25
Alexander Graham Bell

Thomas
    $1600 4
downtrodden

Robyn
    $2000 22
St. Sebastian

Triple Stumper
    $2000 28
Iroquois

Jill
    $2000 10
Macao

Robyn
    $2000 26
amino acids

Jill
    $2000 5
downgrade

Robyn

Scores at the end of the Double Jeopardy! Round:

Jill Robyn Thomas
$17,200 $11,200 $12,400

[wagering suggestions for these scores]

Final Jeopardy! Round responses

INTERNATIONAL SPORTS
RobynWhat is Australia?
$5,000
ThomasWhat is Sydney?
$10,100
JillWhat is Australia?
$8,000
Australia

Final scores:

Jill Robyn Thomas
$25,200 $16,200 $2,300
3-day champion: $66,899 2nd place: $2,000 3rd place: $1,000

Game dynamics:

Coryat scores:

Jill Robyn Thomas
$16,800 $11,200 $10,600
21 R
(including 1 DD),
1 W
15 R,
3 W
15 R
(including 2 DDs),
3 W

Combined Coryat: $38,600

[game clues] [game scores] [suggest correction]

Game tape date: 2002-02-04
The J! Archive is created by fans, for fans. Scraping, republication, monetization, and malicious use prohibited; this site may use cookies and collect identifying information. See terms. The Jeopardy! game show and all elements thereof, including but not limited to copyright and trademark thereto, are the property of Jeopardy Productions, Inc. and are protected under law. This website is not affiliated with, sponsored by, or operated by Jeopardy Productions, Inc. Join the discussion at JBoard.tv.